Wolfgang Amadeus Mozart

Saved in:
Bibliographic Details
Main Authors: Massin, Jean (autor), Massin, Brigitte (Author)
Format: Book
Language:English
Published: París Fayard 1970
Subjects:
Tags: Add Tag
No Tags, Be the first to tag this record!

MARC

LEADER 00000nam a2200000 a 4500
001 UCX9541
003 CL-VaPUC
005 20240628104439.0
008 940613e19700000FR |||||||||||||||||eng|d
999 |c 228751  |d 228749 
040 |c Pontificia Universidad Católica de Valparaíso 
082 0 4 |a 927  |b MAS  |2 21 
100 |a Massin, Jean  |e autor  |9 326970 
245 1 0 |a Wolfgang Amadeus Mozart 
260 |a París  |b Fayard  |c 1970 
300 |a 1202 p 
583 |a last modification  |c 19940613 00:00:00  |k Rodrigo Vera 
600 0 |a Mozart, Wolfgang Amadeus  |d 1756-1791  |9 869087 
700 0 |a Massin, Brigitte  |e author  |9 326971 
942 |c BK  |2 ddc 
945 |d 19940613 00:00:00  |a oaravena 
952 |0 0  |1 0  |4 0  |6 927_000000000000000_MAS_1970  |7 0  |8 P  |9 229150  |a BIBARQ  |b BIBARQ  |d 2019-11-15  |i 2984997  |o 927 MAS 1970  |p 2984997  |r 2025-01-20  |w 2019-11-15  |y BK  |k ARQ